000 002250000a22000970004500
100 1 _aWeisbrod, Don
245 1 0 _aFrom assistance to tranformation
300 _aNúm 7 (1985), Páginas 28-30
773 0 _tTogether
942 _cANA
999 _c57000
_d57000